000 00612cam a22002054a 4500
005 20250605164134.0
008 250528s ||||||||||||||||||||||||d
035 _a18661
020 _a241107474
040 _aGR-AtMCL
_bgre
_dGR-AtMCL
_eAACR2
245 1 _aWithin Whicker's World / An Autobiography by Alan Whicker
260 _c1982
300 _a392
520 _aAction, Flashback, Curtain Raiser, Clue Whicker, Turn Over Camera, Close-Up, Montage, Wind Him Up, Index.
700 1 _aHamish Hamilton
_94930
700 1 _aWhicker Alan
_94931
942 _cBK
999 _c4006
_d4006